Fremdenverkehrsstatistik Fürstentum Liechtenstein Jahresheft 1989

Saved in:
Bibliographic Details
Format: Book
Language:German
Published: Vaduz Amt für Volkswirtschaft 1989
Subjects:
Tags: Add Tag
No Tags, Be the first to tag this record!

MARC

LEADER 00000nam a2200000 4500
001 c034014
005 20260119073850.2
041 0 |a ger 
044 |a LI 
245 1 0 |a Fremdenverkehrsstatistik Fürstentum Liechtenstein  |b Jahresheft 1989 
264 1 |a Vaduz  |b Amt für Volkswirtschaft  |c 1989 
300 |a 66 s. 
610 2 0 |a Lichtenštajnsko 
610 2 0 |a ruch cestovný